000 00361nam a2200145Ia 4500
008 150201s2013 xx 000 0 und d
082 _a610.734
_bP13R
100 _aROY , RABINDERA NATH
245 _aTB. OF PREVENTIVE AND SOCIAL MEDICINE
250 _a4TH
260 _bJAYPEE
_aDELHI
_c2013
300 _a703
650 _aCOMMUNITy NURSING
942 _2ddc
_cBK
999 _c2063
_d2063